Natural rubber nanocomposites based on new fibrous nanofillers with improved barrier properties for use in tire inner linear applications (Record no. 63586)

MARC details
000 -LEADER
fixed length control field 00632nam a2200193Ia 4500
100 ## - MAIN ENTRY--AUTHOR NAME
Personal name Surya K.P
245 #0 - TITLE STATEMENT
Title Natural rubber nanocomposites based on new fibrous nanofillers with improved barrier properties for use in tire inner linear applications
260 ## - PUBLICATION, DISTRIBUTION, ETC. (IMPRINT)
Name of publisher Rubber Chemistry and Technology, JAnuary 2020
650 ## - SUBJECT ADDED ENTRY--TOPICAL TERM
Topical Term Fibrous nanofillers
650 ## - SUBJECT ADDED ENTRY--TOPICAL TERM
Topical Term Natural rubber nanocomposites
650 ## - SUBJECT ADDED ENTRY--TOPICAL TERM
Topical Term Tire
700 ## - ADDED ENTRY--PERSONAL NAME
Personal name Battacharya S
700 ## - ADDED ENTRY--PERSONAL NAME
Personal name Bhowmick A.K
700 ## - ADDED ENTRY--PERSONAL NAME
Personal name Mukhopadhyay R
700 ## - ADDED ENTRY--PERSONAL NAME
Personal name Naskar K
856 ## - ELECTRONIC LOCATION AND ACCESS
Uniform Resource Identifier doi.org/10.5254/rct.20.80424
942 ## - ADDED ENTRY ELEMENTS (KOHA)
Koha item type Journals
Holdings
Withdrawn status Lost status Damaged status Not for loan Home library Current library Shelving location Date acquired Koha item type
      Journals RRII Library RRII Library Rubber technology 17/12/2021 Journals